Информационная система учёта и анализа мероприятий по обслуживанию газопровода и насосных станций ООО «Газпром Трансгаз Томск»; Прогрессивные технологии и экономика в машиностроении

Bibliografske podrobnosti
Parent link:Прогрессивные технологии и экономика в машиностроении.— 2022.— [С. 83-85]
Glavni avtor: Романцов А. Н.
Korporativna značnica: Томский политехнический университет Юргинский технологический институт
Drugi avtorji: Захарова А. А. Александра Александровна (научный руководитель)
Izvleček:Заглавие с экрана
В статье представлено описание деятельности объекта автоматизации, проектируемой информационной системы, ее функции и выходные данные, а также представлено сравнение с программными аналогами проектируемой информационной системы.
The article presents a description of the activity of the automation object, designed information system, its functions and output information, and also presented a comparison with the software analogues of the designed information system.
Jezik:ruščina
Izdano: 2022
Serija:Информационные технологии, экономика, управление
Teme:
Online dostop:http://earchive.tpu.ru/handle/11683/70672
Format: MixedMaterials Elektronski Book Chapter
KOHA link:https://koha.lib.tpu.ru/cgi-bin/koha/opac-detail.pl?biblionumber=634237

MARC

LEADER 00000naa2a2200000 4500
001 634237
005 20231102024720.0
035 |a (RuTPU)RU\TPU\conf\36022 
035 |a RU\TPU\conf\36021 
090 |a 634237 
100 |a 20220415d2022 k y0rusy50 ca 
101 0 |a rus  |d eng 
102 |a RU 
105 |a y z 101zy 
135 |a drgn ---uucaa 
181 0 |a i  
182 0 |a b 
200 1 |a Информационная система учёта и анализа мероприятий по обслуживанию газопровода и насосных станций ООО «Газпром Трансгаз Томск»  |f А. Н. Романцов  |g науч. рук. А. А. Захарова 
203 |a Текст  |c электронный 
225 1 |a Информационные технологии, экономика, управление 
230 |a 1 компьютерный файл (pdf; 165 Kb) 
300 |a Заглавие с экрана 
320 |a [Библиогр.: с. 85 (3 назв.)] 
330 |a В статье представлено описание деятельности объекта автоматизации, проектируемой информационной системы, ее функции и выходные данные, а также представлено сравнение с программными аналогами проектируемой информационной системы. 
330 |a The article presents a description of the activity of the automation object, designed information system, its functions and output information, and also presented a comparison with the software analogues of the designed information system. 
463 0 |0 (RuTPU)RU\TPU\conf\35989  |t Прогрессивные технологии и экономика в машиностроении  |o сборник трудов XIII Всероссийской научно-практической конференции для студентов и учащейся молодежи, 7-9 апреля 2022 г., Юрга  |f Национальный исследовательский Томский политехнический университет (ТПУ), Юргинский технологический институт (ЮТИ) ; под ред. А. А. Сапрыкина  |v [С. 83-85]  |d 2022 
610 1 |a электронный ресурс 
610 1 |a труды учёных ТПУ 
610 1 |a информационные системы 
610 1 |a учет 
610 1 |a анализ 
610 1 |a мероприятия 
610 1 |a обслуживание 
610 1 |a газопроводы 
610 1 |a ЛПУ 
610 1 |a КИПиА 
610 1 |a насосные станции 
610 1 |a control and measuring devices and automation (CMDandA) 
610 1 |a information system (IS) 
610 1 |a accounting 
610 1 |a analysis 
610 1 |a linear production management (LPM) 
700 1 |a Романцов  |b А. Н. 
702 1 |a Захарова  |b А. А.  |c специалист в области информатики и вычислительной техники  |c профессор Юргинского технологического института (филиала) Томского политехнического университета, доктор наук  |f 1976-  |g Александра Александровна  |2 stltpush  |4 727  |9 9789 
712 0 2 |a Томский политехнический университет  |b Юргинский технологический институт  |c (2003-2009)  |2 stltpush  |3 (RuTPU)RU\TPU\col\12451  |9 25408 
801 2 |a RU  |b 63413507  |c 20220419  |g RCR 
856 4 |u http://earchive.tpu.ru/handle/11683/70672 
942 |c BK